| 000 | 00679 a2200181 4500 | ||
|---|---|---|---|
| 003 | Nust | ||
| 005 | 20170207153550.0 | ||
| 040 | _cNust | ||
| 082 | _a621.382 | ||
| 100 | _aNiaz, Shoaib (MSEE-3) | ||
| 245 |
_aCalculation of autocorrelation function using discrete wavelet transform for signal detection _cShoaib Niaz |
||
| 260 |
_bMCS _c1999 |
||
| 300 | _aix, 73 p. | ||
| 505 | _aIntroduction (page-1), Wave: an introduction (page-6), Orthogonality of wavelets (page-27), Wideband processing (page-35), Development of algorithms and results (page-48), Conclusions and future directions (page-58). | ||
| 538 | _aAlmirah no 69 shelf no.3 | ||
| 650 | _aMSEE Thesis | ||
| 651 | _aMSEE-3 | ||
| 942 | _cTHS | ||
| 999 |
_c188817 _d188817 |
||